| 000 | 00510nam a2200169Ia 4500 | ||
|---|---|---|---|
| 003 | LK-CoDNM | ||
| 008 | 010623t1965 xxu||||| |||| 00| 1 sin d | ||
| 040 |
_aLK-CoDNM _dLK-CoDNM _eLK-CoDNM |
||
| 041 | _asin | ||
| 080 | _a294.32 GNA | ||
| 100 | _aGnanaseeha Thero,Henpitagedara. | ||
| 245 | _aබුද්ධ ධර්මය හා බෞද්ධ සභ්යත්වය | ||
| 246 | _aBuddha Dharmaya Ha Bauddha Sabyathvaya | ||
| 260 |
_bRatna _aColombo _c1965 |
||
| 300 | _b344p., 18 cm | ||
| 942 | _cBK | ||
| 999 |
_c106947 _d106947 |
||